The authority of law. Essays on law and morality
Zapisane w:
| 1. autor: | |
|---|---|
| Format: | Książka |
| Język: | angielski |
| Wydane: |
New York, USA
Oxford,
1979
|
| Hasła przedmiotowe: | |
| Dostęp online: | Disponible Online |
| Etykiety: |
Dodaj etykietę
Nie ma etykietki, Dołącz pierwszą etykiete!
|
MARC
| LEADER | 00000nam a2200000 a 4500 | ||
|---|---|---|---|
| 001 | UCJ2707 | ||
| 003 | CL-VaPUC | ||
| 005 | 20240819112334.0 | ||
| 008 | 070112e19790000US |||||||||||||||||eng|d | ||
| 999 | |c 318841 |d 318839 | ||
| 020 | |a 0198254938 | ||
| 040 | |c Pontificia Universidad Católica de Valparaíso | ||
| 082 | 0 | 4 | |a 340.5 RAZ 1979 |2 21 |
| 100 | 0 | |a Raz, Joseph |e author |9 461188 | |
| 245 | 1 | 4 | |a The authority of law. |b Essays on law and morality |
| 260 | |a New York, USA |b Oxford, |c 1979 | ||
| 300 | |a 292 páginas | ||
| 583 | |a last modification |c 20070112 00:00:00 |k Rodrigo Vera | ||
| 650 | 7 | |a SISTEMAS LEGALES |2 CL-VaPUC |9 351124 | |
| 650 | 0 | |a Teorías del derecho |9 351125 | |
| 650 | 0 | |a Derecho romano |9 255930 | |
| 650 | 0 | |a Fuentes del derecho |9 255162 | |
| 856 | |u https://oxford-universitypressscholarship-com.pucv.idm.oclc.org/view/10.1093/acprof:oso/9780198253457.001.0001/acprof-9780198253457?rskey=9LaivU&result=1 |y Disponible Online | ||
| 942 | |c BK |2 ddc | ||
| 945 | |d 20070112 00:00:00 |a jtorresc | ||
| 952 | |0 0 |1 0 |4 0 |6 340_500000000000000_RAZ_1979 |7 0 |8 A |9 397028 |a BIBDER |b BIBDER |d 2019-11-22 |i 4287037 |o 340.5 RAZ 1979 |p 4287037 |r 2023-01-25 |w 2019-11-22 |y BK |k DER | ||